000 00511nam a2200193Ia 4500
003 LDD
008 181029s9999 xx 000 0 und d
020 _a8175330953
_c795.00
040 _cLDD
100 _aDua, Aarti
245 0 _aFeminist psychology
_cAarti Dua
260 _aNew Delhi
_bM.D.
_c2006
300 _av, 320p.
365 _b795.00
901 _a7461
_b29-08-2011
902 _a771
_b30-08-2011
_cF
_dGBH
_eFTF
903 _aDiscount-15
_bReqst by : Savita Singh
942 _2ddc
_cBK
999 _c97465
_d97465